Propuestas a mi país y el mundo : (Registro nro. 83743)
[ vista simple ]
| 000 -CABECERA | |
|---|---|
| Longitud fija campo de control | 00573nam a22001697a 4500 |
| 008 - DATOS DE LONGITUD FIJA--INFORMACIÓN GENERAL | |
| Códigos de información de longitud fija | 260324b2025 ec a|||| |||| 00| 0 spa d |
| 040 ## - FUENTE DE LA CATALOGACIÓN | |
| Centro catalogador de origen | Ec-QuCCB |
| 082 ## - | |
| Número de clasificación | 320.6 |
| Número de documento | L961 |
| 100 1# - ENTRADA PRINCIPAL--NOMBRE DE PERSONA | |
| Nombre de persona | Luna Osorio, Luis, |
| Fechas asociadas con el nombre | 1943- |
| 9 (RLIN) | 4589 |
| 245 ## - MENCIÓN DE TÍTULO | |
| Título | Propuestas a mi país y el mundo : |
| Parte restante del título | 40 libros y más de 500 boletines de análisis y propuestas |
| Mención de responsabilidad, etc. | Luis Luna Osorio |
| 250 ## - MENCIÓN DE EDICIÓN | |
| Mención de edición | Primera edición |
| 260 ## - PUBLICACIÓN, DISTRIBUCIÓN, ETC. (PIE DE IMPRENTA) | |
| Lugar de publicación, distribución, etc. | Quito, Ecuador : |
| Nombre del editor, distribuidor, etc. | [Editor no identificado], |
| Fecha de publicación, distribución, etc. | 2025 |
| 300 ## - DESCRIPCIÓN FÍSICA | |
| Extensión | 1 volumen (sin paginar) |
| Otros detalles físicos | ilustraciones; |
| Dimensiones | 29 cm |
| 590 ## - NOTA LOCAL (RLIN) | |
| Nota local | pgc |
| 942 ## - ELEMENTOS DE PUNTO DE ACCESO ADICIONAL (KOHA) | |
| Koha [por defecto] tipo de item | Monografía |
| Suprimido | Perdido | Fuente de clasificación o esquema | Estropeado | No se presta | Koha Colección | Localización (Biblioteca) | Localización actual | Localización en estanterías | Fecha adquisición | Fuente de adquisición | Préstamos totales | Clasificación completa | Fecha última consulta | Número de ejemplar | Fecha del precio de reemplazo | Nota sin despliegue público (lost item payment) | Tipo de item de Koha |
|---|---|---|---|---|---|---|---|---|---|---|---|---|---|---|---|---|---|
| Disponible | Número de Clasificación Local | Sin daños | CIENCIAS SOCIALES | Biblioteca y Archivo de la CCE | Biblioteca y Archivo de la CCE | CIENCIAS SOCIALES | 24/03/2026 | Donación Sr. Luis Luna Osorio | 320.6 L961 | 24/03/2026 | Ej. 1 | 24/03/2026 | pgc | Monografía |























